01299nam a22001937a 4500003000400000005001700004008004100021020001500062040000700077050002100084100003400105245008200139250001200221260003100233300001900264490002400283505077200307653002601079OSt20210607150029.0140917b xxu||||| |||| 00| 0 eng d a9964960182 cLC aKRX4604.3196.M46 aMensa-Bonsu, Henrietta J.A.N. aThe annotated criminal offences act of Ghana. /cHenrietta J.A.N. Mensa-Bonsu a5th ed. aAccra:bBlack Mask,c2008. axxxiv, 258 p.: aCriminal Law Series aContents: Preliminary matters -- General explanations -- Attempts to commit criminal offences -- Abetment and conspiracy -- General exemptions -- Justification force and harm -- Murder and related offences -- Criminal harm to the person -- Assault and similar offences -- Kidnapping, abduction and similar offences -- Sexual offences -- Offences involving dishonesty -- Forgery -- Unlawful damage -- Special offences -- Offences against the security of the state -- Privacy -- Offences against the peace -- Offences concerning the administration of justice -- Offences relating to public officers and to public elections -- Bigamy and similar offences -- Offences against public morals -- Public nuisance -- Offences relating to animals -- Miscellaneous offences --  aCriminal law -- Ghana